000 00437nam a2200157 i 4500
001 91379
003 ES-MaACL
005 20230906180717.0
007 t|
008 050128s1961 sp ||||1| spa d
100 1 _aLevie, Jean.
_971963
245 1 3 _aLa Biblia, palabra humana y mensaje de Dios /
_cJean Levie.
260 _aBilbao :
_bDesclée de Brouwer,
_c[1961]
300 _a402 p. ;
_c19 cm.
852 _aES-MaACL
_jG-8737
_bR.48331
999 _c91379
_d91379